Score 0/13 Timer 02:00
0 Plays Today
Scrambled Word Unscrambled Word % Correct
INPNip
98.6%
LIKMMilk
98%
DYLALady
94.1%
BABTYTabby
93.1%
WOEMMeow
92.7%
WASCLClaws
92.6%
Theme that links all of the above: Cat
92.2%
RATSCCHScratch
86.9%
XILEFFelix
86.7%
TRELITLitter
83.1%
AMSEESISiamese
74.1%
CENUOPPounce
71.7%
TLERESHShelter
55.4%
Remove Ads.
Support Sporcle.
Get the best of Sporcle when you Go Orange. This ad-free experience offers more features, more stats, and more fun while also helping to support Sporcle. Thank you for becoming a member.

You're not logged in!

Compare scores with friends on all Sporcle quizzes.
OR
Log In

Show Comments

Extras

Top Quizzes Today


Score Distribution

Your Account Isn't Verified!

In order to create a playlist on Sporcle, you need to verify the email address you used during registration. Go to your Sporcle Settings to finish the process.

Report this User

Report this user for behavior that violates our Community Guidelines.

Details: